000
00242nam a2200097Ia 4500
008
240625s9999 xx 000 0 und d
041
_a
eng
082
_a
808.20 SHA
100
_a
SHARMA MAYANK
245
_a
MARKETING ANALYSIS TO UNDERSTAND THE BRA
999
_c
38063
_d
38063